000 00517nam a2200181Ia 4500
005 20250508152457.0
008 008 250505s9999 xx 000 0 eng d
037 _aTextual
040 _aFEDL
_beng
_cFEDL
041 _aeng
_2eng
084 _a920, TOY
_qFEDL
100 _aToye Hugh
245 0 _aSpringing tiger: A study of Subhas Chandra Bose
260 _aBombay, India
_bAllied Publishers Private Limited
_c1959
300 _axx,238p.
942 _cTEXL
_h920, TOY
999 _c1336675
_d1336675